Movies Quiz

Random Movies or James Bond Quiz

Name the James Bond Movies Quiz Stats

 Plays Quiz not verified by Sporcle

Challenge
Share
Tweet
Embed
Score 0/24 Timer 10:00
0 Plays Today
Hint Answer % Correct
1962Dr.No
95.2%
1964Goldfinger
94%
2008Quantum Of Solace
94%
2006Casino Royale
92.8%
2012Skyfall
92.8%
1983Octopussy
91.6%
1963From Russia With Love
90.4%
1995Goldeneye
90.4%
1979Moonraker
85.5%
1969On Her Majesty's Secret Service
80.7%
2002Die Another Day
80.7%
1973Live and Let Die
79.5%
Hint Answer % Correct
1974The Man with the Golden Gun
79.5%
1997Tomorrow Never Dies
79.5%
1999The World is not Enough
78.3%
1967You Only Live Twice
77.1%
1971Diamonds are Forever
77.1%
1989License to Kill
77.1%
1965Thunderball
75.9%
1977The Spy Who Loved Me
74.7%
1981For Your Eyes Only
72.3%
1985A View To A Kill
69.9%
1987The Living Daylights
69.9%
2015Spectre
66.3%

You're not logged in!

Compare scores with friends on all Sporcle quizzes.
Join for Free
OR
Log In

You Might Also Like...

Show Comments

Extras

Created May 5, 2015ReportNominate
Tags:James Bond Quiz, bond, same

Top Quizzes Today


Score Distribution

Your Account Isn't Verified!

In order to create a playlist on Sporcle, you need to verify the email address you used during registration. Go to your Sporcle Settings to finish the process.

Report this User

Report this user for behavior that violates our Community Guidelines.

Details: